[Event "XXIV Memorial Edoardo Crespi A"]
[Site "Milano ITA"]
[Date "2003.12.08"]
[Round "6"]
[White "Bisignano, Giuseppe"]
[Black "Rossi, Giampiero"]
[Result "1-0"]
[WhiteElo "2055"]
[BlackElo "2040"]
[PlyCount "120"]
[EventDate "2003.12.05"]

1. e4 c5 2. Nf3 e6 3. d3 Nc6 4. g3 d6 5. Bg2 Nf6 6. c3 Be7 7. Nbd2 O-O 8. Nf1
Qc7 9. Ne3 Bd7 10. O-O Rab8 11. Re1 Rfc8 12. a4 a6 13. g4 b5 14. axb5 axb5 15.
g5 Ne8 16. Ng4 b4 17. d4 bxc3 18. bxc3 cxd4 19. cxd4 Nb4 20. Bd2 Qc2 21. Ra7
Rc7 22. Qxc2 Nxc2 23. Rxc7 Nxc7 24. Rc1 Ba4 25. Bf1 Ne8 26. Bd3 Nb4 27. Rb1 Nc6
28. Ra1 Bb5 29. Bxb5 Rxb5 30. Ra6 Nb8 31. Ra8 Bd8 32. d5 e5 33. Ne3 Bc7 34. Nf5
Kf8 35. Kf1 g6 36. Ne3 Nd7 37. Ng4 Rb8 38. Ra7 Ke7 39. Ba5 Bxa5 40. Nf6 Nexf6
41. gxf6+ Kxf6 42. Rxd7 Bb4 43. h4 h6 44. Kg2 Bc5 45. Ne1 Rb3 46. Rc7 Ra3 47.
Rb7 Ra7 48. Rb8 Ra3 49. Rb2 Bd4 50. Rc2 Rc3 51. Ra2 Rb3 52. Nf3 Rb2 53. Ra6
Rxf2+ 54. Kg3 Bc5 55. Rxd6+ Bxd6 56. Kxf2 g5 57. h5 g4 58. Nh4 Bf8 59. Kg3 Kg5
60. Nf5 Kxh5 1-0

[Event "XXIV Memorial Edoardo Crespi A"]
[Site "Milano ITA"]
[Date "2003.12.08"]
[Round "6"]
[White "Buonocore, Elio"]
[Black "Zacco, Remo"]
[Result "1-0"]
[WhiteElo "2099"]
[BlackElo "2077"]
[PlyCount "67"]
[EventDate "2003.12.05"]

1. e4 d6 2. d4 g6 3. Nc3 Bg7 4. Bg5 h6 5. Bh4 c6 6. Qd2 b5 7. f4 Qb6 8. Nf3 a5
9. e5 d5 10. Bd3 Bg4 11. O-O e6 12. Ne2 Ne7 13. h3 Bxf3 14. Rxf3 Nd7 15. Bf2 h5
16. g3 Bh6 17. Kg2 Qc7 18. g4 Rg8 19. Be3 Qd8 20. Rg1 f5 21. gxh5 gxh5+ 22. Rg3
Kf7 23. Kh2 Rxg3 24. Nxg3 h4 25. Nh5 Qh8 26. Qf2 Ng6 27. Bxf5 exf5 28. e6+ Kxe6
29. Rxg6+ Kf7 30. Rxc6 Re8 31. Qf3 Bf8 32. Qxd5+ Ke7 33. Rc7 Qxh5 34. Qxd7+ 1-0

[Event "XXIV Memorial Edoardo Crespi A"]
[Site "Milano ITA"]
[Date "2003.12.08"]
[Round "6"]
[White "Contin, Daniel"]
[Black "Lapiccirella, Mattia"]
[Result "1/2-1/2"]
[WhiteElo "2377"]
[BlackElo "2180"]
[PlyCount "76"]
[EventDate "2003.12.05"]

1. c4 Nf6 2. Nc3 c5 3. g3 e6 4. Nf3 b6 5. Bg2 Bb7 6. O-O Be7 7. b3 O-O 8. Bb2
d6 9. d4 cxd4 10. Qxd4 a6 11. Rfd1 Qc7 12. Ba3 Rd8 13. Na4 b5 14. Qb6 Qc8 15.
cxb5 Nbd7 16. Qa5 axb5 17. Qxb5 Bc6 18. Qd3 Bxa4 19. bxa4 Rxa4 20. Nd4 Ne5 21.
Qb3 Qa6 22. Bb7 Qa5 23. Nb5 Nc4 24. Rd4 Rxa3 25. Nxa3 Nxa3 26. Ra4 Qe5 27. Rc1
d5 28. Rxa3 Bxa3 29. Qxa3 Qxe2 30. Qa5 Rf8 31. a4 Qb2 32. Qc7 Ne8 33. Qc6 Nd6
34. Ba6 Nc4 35. Rxc4 dxc4 36. Bxc4 Qb8 37. Ba6 Qb4 38. Bc8 Rd8 1/2-1/2

[Event "XXIV Memorial Edoardo Crespi A"]
[Site "Milano ITA"]
[Date "2003.12.08"]
[Round "6"]
[White "Didoni, Renato"]
[Black "Barpiyeva, Gulsana"]
[Result "1/2-1/2"]
[WhiteElo "1888"]
[BlackElo "2169"]
[PlyCount "56"]
[EventDate "2003.12.05"]

1. e4 c5 2. f4 g6 3. Nf3 Bg7 4. c4 Nc6 5. Be2 d6 6. d3 e6 7. Nc3 Nge7 8. Be3
Nd4 9. Rb1 Nec6 10. O-O O-O 11. Qd2 a6 12. Rfd1 b5 13. Bf1 b4 14. Ne2 Nxf3+ 15.
gxf3 e5 16. Kh1 Qe7 17. Ng1 a5 18. Bg2 Bd7 19. Rf1 a4 20. Nh3 a3 21. b3 Qh4 22.
Ng1 Rac8 23. fxe5 Bxe5 24. f4 Bg7 25. Nf3 Qe7 26. Qf2 Bg4 27. h3 Bxf3 28. Bxf3
Nd4 1/2-1/2

[Event "XXIV Memorial Edoardo Crespi A"]
[Site "Milano ITA"]
[Date "2003.12.08"]
[Round "6"]
[White "Facchetti, Gianni"]
[Black "Mazzini, Antonio"]
[Result "1/2-1/2"]
[WhiteElo "2159"]
[BlackElo "2131"]
[PlyCount "94"]
[EventDate "2003.12.05"]

1. e4 c5 2. Nf3 e6 3. d4 cxd4 4. Nxd4 a6 5. Bd3 Nc6 6. Nxc6 dxc6 7. O-O e5 8.
Qh5 Qc7 9. f4 Nf6 10. Qh4 Be7 11. f5 h5 12. Bg5 Rh7 13. Kh1 Bd7 14. Nd2 O-O-O
15. a4 c5 16. a5 Bc6 17. Nc4 Rhh8 18. Rad1 Rhe8 19. Bxf6 Bxf6 20. Qf2 Be7 21.
Qe2 h4 22. Nb6+ Kb8 23. Bc4 Rxd1 24. Rxd1 Rd8 25. Rd3 Rxd3 26. Qxd3 Bg5 27. Bd5
Bb5 28. c4 Be8 29. Qd1 Qd6 30. h3 Bd8 31. Qb3 Bxb6 32. Qxb6 Qxb6 33. axb6 f6
34. Kg1 Bh5 35. Kf2 Kc8 36. g3 hxg3+ 37. Kxg3 a5 38. Kf2 Kb8 39. Ke1 Kc8 40.
Kd2 Kb8 41. Kc2 Kc8 42. b3 Kb8 43. Kb2 Kc8 44. Ka3 Be8 45. h4 Kb8 46. Kb2 Kc8
47. Kc3 Bh5 1/2-1/2

[Event "XXIV Memorial Edoardo Crespi A"]
[Site "Milano ITA"]
[Date "2003.12.08"]
[Round "6"]
[White "Giretti Kanev, Jasen"]
[Black "Castrogiovanni, Carlo"]
[Result "0-1"]
[WhiteElo "2210"]
[BlackElo "2068"]
[PlyCount "98"]
[EventDate "2003.12.05"]

1. e4 d5 2. e5 c5 3. c3 d4 4. Bc4 Nc6 5. e6 Bxe6 6. Bxe6 fxe6 7. Qh5+ g6 8.
Qxc5 Qd5 9. Qxd5 exd5 10. d3 dxc3 11. bxc3 Bg7 12. Nf3 Nb4 13. cxb4 Bxa1 14. d4
Nf6 15. Bh6 Ng4 16. Bg5 O-O 17. O-O e5 18. h3 e4 19. Nfd2 h6 20. hxg4 hxg5 21.
Nb3 Bb2 22. Re1 Rac8 23. Re2 Bc1 24. Nc5 b6 25. Nd7 Rfd8 26. Ne5 Bf4 27. Re1
Bxe5 28. dxe5 Rc2 29. f3 exf3 30. gxf3 Rdc8 31. Na3 Rxa2 32. Nb5 Rcc2 33. Nd4
Rg2+ 34. Kh1 Rh2+ 35. Kg1 Rag2+ 36. Kf1 Rh1+ 37. Kxg2 Rxe1 38. e6 a5 39. bxa5
bxa5 40. Kf2 Rb1 41. Ke3 a4 42. Nc2 Rc1 43. Nb4 Re1+ 44. Kd4 Rxe6 45. Kxd5 Rf6
46. Nd3 a3 47. Nc1 Rf4 48. Na2 Kf7 49. Kc5 Ke6 0-1

[Event "XXIV Memorial Edoardo Crespi A"]
[Site "Milano ITA"]
[Date "2003.12.08"]
[Round "6"]
[White "Jara, Erik"]
[Black "Barberi, Alessandro"]
[Result "1-0"]
[WhiteElo "2127"]
[BlackElo "2099"]
[PlyCount "115"]
[EventDate "2003.12.05"]

1. c4 g6 2. Nc3 Bg7 3. d4 d6 4. Nf3 Nd7 5. g3 e5 6. Bg2 Ne7 7. Qd2 O-O 8. b3
Nc6 9. d5 Nd4 10. Bb2 Nxf3+ 11. exf3 f5 12. O-O a5 13. Qc2 Nc5 14. a3 a4 15. b4
Nb3 16. Rae1 Bd7 17. Nb1 c5 18. dxc6 Bxc6 19. Nd2 Nxd2 20. Qxd2 Qc7 21. Rd1
Rfd8 22. Qc3 b6 23. f4 Bxg2 24. Kxg2 Rac8 25. Rc1 Qb7+ 26. Kg1 b5 27. c5 dxc5
28. fxe5 Rd5 29. Rfe1 c4 30. Rcd1 Rcd8 31. Qf3 Qa8 32. Kg2 g5 33. Rxd5 Qxd5 34.
Qxd5+ Rxd5 35. e6 Rd8 36. Bxg7 Kxg7 37. e7 Re8 38. Re5 Kf6 39. Rxb5 Rxe7 40.
Rc5 Re4 41. b5 Re5 42. Rc6+ Ke7 43. b6 Rb5 44. Rxc4 Rxb6 45. Rxa4 Rb3 46. Ra8
Kf7 47. a4 Ra3 48. a5 Kg7 49. a6 h5 50. a7 g4 51. h3 Ra2 52. h4 Ra1 53. Kh2 Ra2
54. Kg1 Ra1+ 55. Kg2 Kh7 56. f4 Ra2+ 57. Kf1 Ra3 58. Ke2 1-0

[Event "XXIV Memorial Edoardo Crespi A"]
[Site "Milano ITA"]
[Date "2003.12.08"]
[Round "6"]
[White "Kidane, Robel"]
[Black "Petrini, Roberto"]
[Result "1/2-1/2"]
[WhiteElo "2049"]
[BlackElo "2106"]
[PlyCount "91"]
[EventDate "2003.12.05"]

1. e4 e5 2. Nf3 Nc6 3. Bb5 a6 4. Ba4 Nf6 5. O-O b5 6. Bb3 Bc5 7. c3 d6 8. h3
Bb7 9. d4 Bb6 10. d5 Ne7 11. Nbd2 O-O 12. Re1 Nd7 13. Nf1 h6 14. g4 Nc5 15. Bc2
c6 16. b4 Na4 17. Bxa4 bxa4 18. c4 cxd5 19. cxd5 Qd7 20. Be3 Bxe3 21. Nxe3 Rfc8
22. Qd2 Rc7 23. Rec1 Rac8 24. Ne1 h5 25. Kg2 hxg4 26. hxg4 Ng6 27. Nd3 Qb5 28.
Kg3 Rxc1 29. Rxc1 Rxc1 30. Nxc1 Nf4 31. a3 g6 32. Qc3 Qd7 33. f3 Kg7 34. Ng2 g5
35. Ne3 Qd8 36. Nf5+ Kf8 37. Qc2 Bc8 38. Nxd6 Qxd6 39. Qxc8+ Kg7 40. Qc6 Qd8
41. Qc2 Qh8 42. Qh2 Qc8 43. Ne2 Qc4 44. Nxf4 exf4+ 45. Kh3 Qf1+ 46. Qg2 1/2-1/2

[Event "XXIV Memorial Edoardo Crespi A"]
[Site "Milano ITA"]
[Date "2003.12.08"]
[Round "6"]
[White "La Torre, Giovanni"]
[Black "Cazzaniga, Walter"]
[Result "1/2-1/2"]
[WhiteElo "2057"]
[BlackElo "2119"]
[PlyCount "58"]
[EventDate "2003.12.05"]

1. Nf3 Nf6 2. g3 g6 3. Bg2 Bg7 4. c4 O-O 5. O-O c5 6. Nc3 Nc6 7. d3 d5 8. cxd5
Nxd5 9. Nxd5 Qxd5 10. Ng5 Qd7 11. Ne4 b6 12. Rb1 Bb7 13. a3 Rac8 14. b4 cxb4
15. axb4 Nd4 16. Bb2 e5 17. Bxd4 exd4 18. b5 Bd5 19. Bf3 Rfd8 20. Qa4 a5 21.
Nd2 Bxf3 22. Nxf3 Bf8 23. Ne5 Qd5 24. Nc6 Rd7 25. f4 Re8 26. Rf2 Bh6 27. Rc1 g5
28. Rc4 Bg7 29. f5 Bf6 1/2-1/2

[Event "XXIV Memorial Edoardo Crespi A"]
[Site "Milano ITA"]
[Date "2003.12.08"]
[Round "6"]
[White "Locatelli, Andrea"]
[Black "Damia, Angelo"]
[Result "1/2-1/2"]
[WhiteElo "2106"]
[BlackElo "2059"]
[PlyCount "62"]
[EventDate "2003.12.05"]

1. e4 c5 2. Nf3 d6 3. d4 cxd4 4. Nxd4 Nf6 5. Nc3 a6 6. Bc4 e6 7. Bb3 Be7 8. Be3
O-O 9. Qe2 Nbd7 10. O-O-O Nc5 11. f3 Qc7 12. g4 b5 13. g5 Nfd7 14. g6 Nxb3+ 15.
axb3 hxg6 16. h4 Nf6 17. h5 b4 18. h6 bxc3 19. hxg7 cxb2+ 20. Kxb2 Rd8 21. Qh2
Nh5 22. Rdg1 Bf6 23. Qd2 d5 24. Rxh5 gxh5 25. Bg5 Qe5 26. Bxf6 Qxf6 27. e5 Qxe5
28. Qh6 Qxd4+ 29. c3 Qf2+ 30. Ka3 Qc5+ 31. Kb2 Qf2+ 1/2-1/2

[Event "XXIV Memorial Edoardo Crespi A"]
[Site "Milano ITA"]
[Date "2003.12.08"]
[Round "6"]
[White "Massironi, Marco"]
[Black "Pietrocola, Roberto"]
[Result "0-1"]
[WhiteElo "2082"]
[BlackElo "1903"]
[PlyCount "100"]
[EventDate "2003.12.05"]

1. e4 e6 2. d4 d5 3. Nd2 Nf6 4. e5 Nfd7 5. f4 c5 6. c3 cxd4 7. cxd4 Nc6 8. Ndf3
Bb4+ 9. Kf2 Qb6 10. g3 Be7 11. a3 f6 12. Kg2 Na5 13. b4 Nc4 14. Qb3 Qc7 15. Nd2
b5 16. a4 bxa4 17. Rxa4 Ndb6 18. Ra2 Nxd2 19. Bxd2 Bd7 20. Rc2 Qb7 21. b5 O-O
22. Bd3 Rac8 23. Nf3 Rxc2 24. Qxc2 f5 25. h4 Rc8 26. Qd1 Nc4 27. Bc1 Be8 28.
Ng5 Bxg5 29. hxg5 g6 30. g4 fxg4 31. Qxg4 Qf7 32. Rf1 Bxb5 33. f5 Ne3+ 34. Bxe3
Bxd3 35. Ra1 Bxf5 36. Qf4 Rc2+ 37. Kg3 Qb7 38. Bf2 Qb3+ 39. Be3 Rc3 40. Re1 a5
41. Kf2 a4 42. Rc1 Rc2+ 43. Bd2 a3 44. Qe3 Qxe3+ 45. Kxe3 a2 46. Ra1 Rxd2 47.
Kxd2 Bb1 48. Ke3 Kg7 49. Kf4 h5 50. Kg3 Kf7 0-1

[Event "XXIV Memorial Edoardo Crespi A"]
[Site "Milano ITA"]
[Date "2003.12.08"]
[Round "6"]
[White "Paoli, Enrico"]
[Black "Faccia, Sergio"]
[Result "1/2-1/2"]
[WhiteElo "1950"]
[BlackElo "1984"]
[PlyCount "27"]
[EventDate "2003.12.05"]

1. e4 e5 2. f4 exf4 3. Nf3 d5 4. exd5 Nf6 5. Nc3 Bd6 6. d4 O-O 7. Be2 c6 8.
dxc6 Nxc6 9. O-O Bg4 10. d5 Ne7 11. h3 Bh5 12. Nd4 Bxe2 13. Ndxe2 Qb6+ 14. Kh1
1/2-1/2

[Event "XXIV Memorial Edoardo Crespi A"]
[Site "Milano ITA"]
[Date "2003.12.08"]
[Round "6"]
[White "Podini, Francesco"]
[Black "Pelizzola, Danilo"]
[Result "1-0"]
[WhiteElo "2041"]
[BlackElo "2118"]
[PlyCount "51"]
[EventDate "2003.12.05"]

1. e4 c6 2. c4 d5 3. cxd5 cxd5 4. exd5 Nf6 5. Nc3 Nxd5 6. Bc4 Nb6 7. Bb3 Nc6 8.
Nf3 e6 9. d4 Be7 10. O-O O-O 11. a3 Nd5 12. Re1 Nxc3 13. bxc3 Bf6 14. Bc2 b6
15. Qd3 g6 16. Bh6 Re8 17. Rad1 Qd6 18. Ng5 Bg7 19. Ne4 Qxa3 20. Qf3 Qe7 21.
Bg5 Qd7 22. Nf6+ Bxf6 23. Qxf6 Qd8 24. Qf4 Qd7 25. Bf6 Bb7 26. Qh6 1-0

[Event "XXIV Memorial Edoardo Crespi A"]
[Site "Milano ITA"]
[Date "2003.12.08"]
[Round "6"]
[White "Raineri, Valerio"]
[Black "Lapiccirella, Daniele"]
[Result "1/2-1/2"]
[WhiteElo "2191"]
[BlackElo "2086"]
[PlyCount "66"]
[EventDate "2003.12.05"]

1. e4 c5 2. Nf3 e6 3. d4 cxd4 4. Nxd4 Nc6 5. Nc3 a6 6. Be3 Qc7 7. Qd2 b5 8. f4
Bb7 9. Be2 Rc8 10. Rc1 Na5 11. O-O Nc4 12. Bxc4 Qxc4 13. Qd3 Nf6 14. Nb3 Nxe4
15. Na5 Qxd3 16. cxd3 Nxc3 17. Rxc3 Rxc3 18. bxc3 Bc6 19. Nb3 Bd6 20. Bb6 Ke7
21. c4 Rc8 22. g3 bxc4 23. dxc4 Ba4 24. Rc1 Bxb3 25. axb3 Bc5+ 26. Bxc5+ Rxc5
27. b4 Rc6 28. Kf2 Rb6 29. Rb1 Rc6 30. Rc1 d5 31. c5 f6 32. Ke3 e5 33. f5 Kd7
1/2-1/2

[Event "XXIV Memorial Edoardo Crespi A"]
[Site "Milano ITA"]
[Date "2003.12.08"]
[Round "6"]
[White "Rosin, Federico"]
[Black "Iudicello, Giovanni"]
[Result "1/2-1/2"]
[WhiteElo "2117"]
[BlackElo "2149"]
[PlyCount "64"]
[EventDate "2003.12.05"]

1. e4 e5 2. Nf3 Nc6 3. d4 exd4 4. Nxd4 Nf6 5. Nxc6 bxc6 6. e5 Qe7 7. Qe2 Nd5 8.
c4 Nb6 9. Nc3 Qe6 10. Qe4 d5 11. exd6 cxd6 12. Bf4 f5 13. Qxe6+ Bxe6 14. b3 d5
15. cxd5 Nxd5 16. Nxd5 Bxd5 17. O-O-O Ba3+ 18. Kc2 a5 19. Bc4 Bxg2 20. Rhe1+
Be4+ 21. Bd3 O-O 22. Bxe4 fxe4 23. Rxe4 Rf5 24. Be3 Bc5 25. Bxc5 Rxc5+ 26. Rc4
Rxc4+ 27. bxc4 Rf8 28. Rd2 Rf3 29. Kd1 Kf7 30. Ke2 Rc3 31. Rd4 c5 32. Rd7+ Kf8
1/2-1/2

[Event "XXIV Memorial Edoardo Crespi A"]
[Site "Milano ITA"]
[Date "2003.12.08"]
[Round "6"]
[White "Sgnaolin, Davide"]
[Black "Manzoni, Alessandro"]
[Result "0-1"]
[WhiteElo "2137"]
[BlackElo "2034"]
[PlyCount "70"]
[EventDate "2003.12.05"]

1. e4 d6 2. d4 Nf6 3. Nc3 g6 4. Nf3 Bg7 5. Be2 c6 6. O-O O-O 7. a4 Nbd7 8. Re1
e5 9. h3 exd4 10. Nxd4 Re8 11. Bc4 Nb6 12. Bb3 Nbd7 13. Bf4 Nc5 14. Qf3 Nxb3
15. Nxb3 Be6 16. Rad1 d5 17. e5 Nd7 18. Nd4 Qc8 19. g4 Nb8 20. Bg5 Nd7 21. Bf4
Nb8 22. Qg3 Qd8 23. Bc1 Bd7 24. f4 Qe7 25. Re2 Qb4 26. f5 Rf8 27. Nf3 gxf5 28.
gxf5 Bxf5 29. Kh2 Bg6 30. Rd4 Qe7 31. Bg5 f6 32. Bf4 Nd7 33. e6 Ne5 34. Nxe5
fxe5 35. Bg5 Qxe6 0-1

[Event "XXIV Memorial Edoardo Crespi A"]
[Site "Milano ITA"]
[Date "2003.12.08"]
[Round "6"]
[White "Zanetti, Alberto"]
[Black "Efimov, Igor"]
[Result "0-1"]
[WhiteElo "2171"]
[BlackElo "2497"]
[PlyCount "68"]
[EventDate "2003.12.05"]

1. e4 c5 2. Nc3 Nc6 3. g3 g6 4. Bg2 Bg7 5. d3 d6 6. Be3 Rb8 7. Nge2 Nd4 8. O-O
b5 9. Qd2 b4 10. Nd1 Bg4 11. f3 Bd7 12. Nc1 Ba4 13. Nb3 Qc7 14. Rc1 Qb6 15. Kh1
h5 16. h4 Nf6 17. Nf2 Nd7 18. Nh3 Ne5 19. Rb1 Bd7 20. Nf4 e6 21. Ne2 Ndc6 22.
Bg1 O-O 23. f4 Ng4 24. e5 Rfc8 25. d4 cxd4 26. Nexd4 Qa6 27. exd6 Nxd4 28. Nxd4
Qxd6 29. Rbd1 Be8 30. Qe2 Qc7 31. Rfe1 e5 32. fxe5 Bxe5 33. Bh3 Bxd4 34. Bxd4
Qxg3 0-1